Knockout first certificate ( Teacher's book )

Gorde:
Xehetasun bibliografikoak
Egile nagusia: Peter May
Formatua: Liburua
Hizkuntza:Undetermined
Argitaratua: Oxford Oxford Univ. Press 2000
Gaiak:
Etiketak: Etiketa erantsi
Etiketarik gabe, Izan zaitez lehena erregistro honi etiketa jartzen!
Thư viện lưu trữ: Trung tâm Học liệu Trường Đại học Cần Thơ
LEADER 00580nam a2200193Ia 4500
001 CTU_42373
008 210402s9999 xx 000 0 und d
020 |b 117.000đ 
082 |a 428.24 
082 |b K72t 
100 |a Peter May 
245 0 |a Knockout first certificate ( Teacher's book ) 
245 0 |c Peter May 
260 |a Oxford 
260 |b Oxford Univ. Press 
260 |c 2000 
650 |a english language - study and teaching,english language - textbooks for foreign speakers 
904 |i Minh, 010720 
980 |a Trung tâm Học liệu Trường Đại học Cần Thơ